00362pab a2200121 454500008004000000100002100040245008300061260000900144300001500153362000800168650002100176773004300197180718b2011 xxu||||| |||| 00| 0 eng d aBiswas, Soumendu aPsychological climate as an antecedent of job satisfaction and job involvement c2011 ap.465-477. aJan aJob satisfaction aIndian Journal of Industrial Relations